Statistics for Top 100 Random Classical Composers

Click here to take the quiz!

General Stats

  • This quiz has been taken 153 times
  • The average score is 12 of 20

Answer Stats

HintAnswer% Correct
ElgarEdward
100%
LehárFranz
100%
ChopinFrédéric
100%
PurcellHenry
100%
StravinskyIgor
100%
Sebastian BachJohann
100%
BrahmsJohannes
100%
HaydnJoseph
100%
BernsteinLeonard
100%
van BeethovenLudwig
100%
PaganiniNiccolò
100%
TchaikovskyPyotr Ilyich
100%
Vaughan WilliamsRalph
100%
LisztFranz
89%
BrittenBenjamin
86%
DebussyClaude
86%
MendelssohnFelix
83%
BartókBéla
80%
SchubertFranz
80%
Strauss Jr.Johann
80%
MozartWolfgang Amadeus
80%
KhachaturianAram
67%
FranckCésar
67%
GershwinGeorge
67%
MahlerGustav
67%
HolstGustav
67%
LullyJean-Baptiste
67%
RachmaninovSergei
67%
HandelGeorge Frideric
63%
WagnerRichard
63%
ShostakovichDmitri
60%
SatieErik
60%
BerliozHector
60%
BoccheriniLuigi
60%
RespighiOttorino
60%
Strauss (eg. Four Last Songs)Richard
60%
Schumann (male)Robert
60%
ByrdWilliam
60%
CoplandAaron
50%
BrucknerAnton
50%
PärtArvo
50%
von WeberCarl Maria
50%
VerdiGiuseppe
50%
OffenbachJacques
50%
Christian BachJohann
50%
RavelMaurice
50%
BruchMax
50%
MussorgskyModest
50%
HindemithPaul
50%
BelliniVincenzo
50%
NielsenCarl
43%
ProkofievSergei
43%
DvořákAntonín
40%
PucciniGiacomo
40%
Villa-LobosHeitor
40%
AlbinoniTomaso
40%
GounodCharles
33%
Scarlatti (b.1685)Domenico
33%
GriegEdvard
33%
RossiniGioachino
33%
MassenetJules
33%
de FallaManuel
33%
Rimsky-KorsakovNikolai
33%
BarberSamuel
33%
WaltonWilliam
33%
BlochErnest
29%
KreislerFritz
29%
DelibesLéo
29%
MaraisMarin
29%
BorodinAlexander
25%
VivaldiAntonio
25%
Saint-SaënsCamille
25%
MonteverdiClaudio
25%
PoulencFrancis
25%
FauréGabriel
25%
BizetGeorges
25%
AlbénizIsaac
25%
RodrigoJoaquín
25%
JanáčekLeoš
25%
ArnoldMalcolm
25%
MascagniPietro
20%
ScriabinAlexander
17%
GlazunovAlexander
14%
DonizettiGaetano
13%
CorelliArcangelo
0%
SmetanaBedřich
0%
IvesCharles
0%
GluckChristoph W.
0%
RautavaaraEinojuhani
0%
GranadosEnrique
0%
KorngoldErich
0%
DeliusFrederick
0%
TelemannGeorg Philipp
0%
SibeliusJean
0%
RameauJean-Philippe
0%
PachelbelJohann
0%
HummelJohann Nepomuk
0%
PonceManuel
0%
de SarasatePablo
0%
LeoncavalloRuggero
0%

Score Distribution

Percentile by Number Answered

Percent of People with Each Score

Your Score History

You have not taken this quiz